000 00759nam a2200253 a 4500
001 BRCA_5210
005 20190320205003.0
008 261110s1930----mx-a######---#000-0#spa-#
041 _aspa
044 _amx
050 4 _aNB253
_b.R66 1930
100 1 _aRomero de Terreros, Manuel
_913338
245 1 0 _aBreves apuntes sobre la escultura colonial de los siglos XVII y XVIII en México
_cpor Manuel Romero de Terreros.
260 _aMéxico
_bSEP
_c1930
300 _a15 p.
_bil., 40 láminas
_c15 cm.
440 0 _aSeries de arte
_v1
_913339
500 _aE43
504 _aBibliografía: p. [17]
650 1 4 _aEscultura
_zMéxico
_93562
650 1 4 _aEscultura
_xHistoria
_93347
650 1 4 _aEscultura colonial
_913340
902 _aGFM
942 _2lcc
_cB
999 _c4904
_d4904